01572nam a22003497a 4500003000900000005001700009007000300026008003300029020002500062020002500087040002500112082002500137100003500162245016200197260006000359300004300419490003800462490004000500490002800540500006300568500007400631500003400705505009900739600006500838651004900903651007100952700004801023700004701071830003801118830003801156830002801194DO-SdBNP20240508073818.0ta210216b 2020 dr a c 00| 0 eng d a9789945586978 (v. 1) a9789945913132 (v. 2) aDO-SdBNPbspacBNPHU 4a972.93052bV335H2221 aVásquez, Horacio,d1860-193610aHoracio Vásquez :bmensajes y memorias 1924-1930 /ccompilador Ricardo Hernández ; presentación Roberto Cassá ; Introducción Ricardo Hernández. aSanto Domingo :bArchivo General de la Nación,c2020. a2 v. :biustraciones, fotos.;c27 cm. 1 aArchivo General de Naciónv301 1 aArchivo General de la Naciónv3381 aPresidentes dominicanos aIncluye datos biográficos del compilador en las solapas. aIncluye referencias bibliográficas y notas al pie de las páginas. aIncluye índice onomástico0 av.1 --tCronología política abierta de Horacio Vásquez --gv. 2.tEl partido horacista .14aVásquez, Horacio, d1860-1936vEnsayos, conferencias, etc. 4aRepública DominicanaxHistoria y1924-1930 4aRepública DominicanaxPolítica y gobiernoxHistoriay1924-19301 aHernández, Ricardo, d1954-e compilador.1 aCassá, Roberto, d1948-epresentación  0aArchivo General de Naciónn301  0aArchivo General de Nación n338 0aPresidentes dominicanos